000
00225 a2200097 4500
000
nam a22 7a 4500
005
20260210153200.0
100
_a
Diamond, Jared
_9
1114870
245
_a
Guns Germs and Steel
942
_c
TEXL
999
_c
1679114
_d
1679114